|
|
|
|
| LEADER |
00000cam a2200000 7i4500 |
| 001 |
0000019461 |
| 005 |
20070823093000.0 |
| 020 |
|
|
|a 0130104558
|
| 090 |
0 |
0 |
|a T358.S84 1990 kit
|
| 100 |
0 |
|
|a Sutty, George J. ,
|e author
|
| 245 |
0 |
0 |
|a Advanced programmer's guide to SuperVGAs
|c George Sutty, Steve Blair
|
| 260 |
2 |
|
|a New York, ; :
|b Simon & Schuster, Inc. ,
|c 1990
|
| 300 |
|
|
|a xix, 583 p. ; ;
|c 23 cm. + 1 computer disk (5.25 ins.).
|
| 504 |
|
|
|a Includes index
|
| 650 |
|
0 |
|a Computer graphics
|x Software
|
| 700 |
0 |
|
|a Blair, Steve ,
|e author
|
| 999 |
|
|
|a 1000012376
|b Book
|c OPEN SHELF (30 DAYS)
|e Tembila Campus
|
| 999 |
|
|
|a 1000012377
|b Computer Disc
|c OPEN SHELF (30 DAYS)
|e Gong Badak Campus
|